00811nam a22002177a 45000010005000000030006000050050017000110080041000280200018000690400029000870500014001160820011001301000032001412450045001732500022002182600035002403000022002755200246002976500027005436500023005704634FISKH20240918132154.0240918b cb ||||| |||| 00| 0 eng d a9780545154154 aFISKHbengcFISKHdFISKH aPZ7.A6483 2813.54 aApplegate, Katherined1956- aHome of the brave /cKatherine Applegate aPublished in 2007 aNew York :bScholastic,c2007. a249 pages :c20cm aKek, an African refugee, is confronted by many strange things at the Minneapolis home of his aunt and cousin, as well as in his fifth grade classroom, and longs for his missing mother, but finds comfort in the company of a cow and her owner. 2MinnesotaaImmigration 2AfricaaFriendship